00325nam a2200133Ia 4500008004100000020001800041041000800059082001600067100001500083245003400098260004000132300000900172500001000181220803s9999 xx 000 0 und d a9781118766309 aeng a721.044 KEN aKensek K M aBuilding Information Modeling aNew JerseybWiley Publicationc2014 a398p aARCHI